000 00932nam a2200241 a 4500
005 20210223133724.0
008 190118s2017 mx r 000 0 spa d
020 _a9786075390147 (INAH)
020 _a9786075241623 (MAP)
035 _aUPN01000228489
049 _aCG
050 4 _aF870 M5
_bN8.3
245 0 3 _aEl nuevo rostro de la migración mexicana :
_buna comunidad transnacional en Yucatán y California /
_ccoord. Wayne A. Cornelius ; tr. Pedro Lewin Fischer.
260 _aMéxico :
_bINAH :
_bM. A. Porrúa,
_c2017.
300 _a208 p. :
_bil., cuadros, gráfs.
440 0 _aDesarrollo y migración.
_pCientífica
650 4 _aMEXICANOS EN CALIFORNIA, ESTADOS UNIDOS
_927341
651 4 _aYUCATAN -
_xEMIGRACION E INMIGRACION
_927342
651 4 _aESTADOS UNIDOS -
_xEMIGRACION E INMIGRACION -
_xPOLITICA GUBERNAMENTAL
_913962
700 1 _aCornelius, Wayne A.,
_d1945-
_ecoord.
905 _aLibro
999 _c200584
_d200584